meilleur a tokopiyon scarf en OU - Statistiques

Statistiques générales
  • Ce quiz a été pris 3 fois
    1 depuis la dernière actualisation
  • Le résultat moyen est 4 sur 5
Statistiques - réponses
Hint Réponse % Correct
40%-47% pouvoir lunaire dracolosse
100%
22%-27% tonnerre exagide
100%
37%-44% exploforce melmetal
100%
39%-45% pouvoir lunaire mew
100%
29%-34% tonnerre victini
0%
Aucun quiz correspondant
Distribution des résultats
% des personnes avec chaque résultat
Percentile par nombre de réponses
Votre historique - résultats
Vous n’avez pas pris ce quiz depuis la dernière actualisation